Control system design guide : (Record no. 188436)

000 -LEADER
fixed length control field 00897 a2200241 4500
003 - CONTROL NUMBER IDENTIFIER
control field Nust
005 - DATE AND TIME OF LATEST TRANSACTION
control field 20221007094645.0
010 ## - LIBRARY OF CONGRESS CONTROL NUMBER
LC control number 2003023742
020 ## - INTERNATIONAL STANDARD BOOK NUMBER
International Standard Book Number 0122374614 (hardcover : alk. paper)
040 ## - CATALOGING SOURCE
Transcribing agency Nust
082 00 - DEWEY DECIMAL CLASSIFICATION NUMBER
Classification number 629.83,ELL
100 1# - MAIN ENTRY--PERSONAL NAME
Personal name Ellis, George
9 (RLIN) 45604
245 10 - TITLE STATEMENT
Title Control system design guide :
Remainder of title a practical guide /
Statement of responsibility, etc. George Ellis.
250 ## - EDITION STATEMENT
Edition statement 3rd ed.
260 ## - PUBLICATION, DISTRIBUTION, ETC.
Place of publication, distribution, etc. Amsterdam ;
-- Boston :
Name of publisher, distributor, etc. Elsevier Academic Press,
Date of publication, distribution, etc. c2004.
300 ## - PHYSICAL DESCRIPTION
Extent xxiv, 464 p. :
Other physical details ill. ;
Dimensions 24 cm.
505 ## - FORMATTED CONTENTS NOTE
Formatted contents note Applied Principles of Controls (Page-1), Modeling (Page-219), Motion Control (Page-273),
650 #0 - SUBJECT ADDED ENTRY--TOPICAL TERM
Topical term or geographic name entry element System design.
9 (RLIN) 2255
650 #0 - SUBJECT ADDED ENTRY--TOPICAL TERM
Topical term or geographic name entry element Telecommunication engineering
856 42 - ELECTRONIC LOCATION AND ACCESS
Materials specified Publisher description
Uniform Resource Identifier <a href="http://www.loc.gov/catdir/description/els041/2003023742.html">http://www.loc.gov/catdir/description/els041/2003023742.html</a>
856 42 - ELECTRONIC LOCATION AND ACCESS
Materials specified Table of contents
Uniform Resource Identifier <a href="http://www.loc.gov/catdir/toc/ecip0410/2003023742.html">http://www.loc.gov/catdir/toc/ecip0410/2003023742.html</a>
942 ## - ADDED ENTRY ELEMENTS (KOHA)
Koha item type Reference
Source of classification or shelving scheme
Holdings
Withdrawn status Lost status Source of classification or shelving scheme Damaged status Not for loan Permanent Location Current Location Shelving location Date acquired Full call number Barcode Date last seen Price effective from Koha item type Public note
          Military College of Signals (MCS) Military College of Signals (MCS) Reference 12/12/2016 629.83,ELL MCS34635 12/08/2016 12/12/2016 Reference Almirah No.24, Shelf No.3
© 2023 Central Library, National University of Sciences and Technology. All Rights Reserved.